Intercropping of medicinal plants in rubber plantations- light requirements and physiology of shade adaptation (Record no. 74600)

MARC details
000 -LEADER
fixed length control field 00425nam a2200133Ia 4500
100 ## - MAIN ENTRY--AUTHOR NAME
Personal name I'ma Neerakkal
245 #0 - TITLE STATEMENT
Title Intercropping of medicinal plants in rubber plantations- light requirements and physiology of shade adaptation
260 ## - PUBLICATION, DISTRIBUTION, ETC. (IMPRINT)
Name of publisher Mahatma Gandhi University
Place of publication Kottayam
Year of publication 1998
300 ## - PHYSICAL DESCRIPTION
Number of Pages 160
500 ## - GENERAL NOTE
General note Course: Ph. D
700 ## - ADDED ENTRY--PERSONAL NAME
Personal name Dr MR Sethuraj
942 ## - ADDED ENTRY ELEMENTS (KOHA)
Koha item type Theses
Holdings
Withdrawn status Lost status Damaged status Not for loan Collection code Home library Current library Shelving location Date acquired Koha item type
      Theses Thesis RRII Library RRII Library Crop physiology 31/12/2021 Theses